000 00950nam a22002537a 4500
005 2012082403083.0
008 120824t xxu||||| |||| 00| 0 eng d
010 _aENG-105618
020 _c595.00
_a9789350175187
035 _aEN-89151
037 _bDBAD/PUB
040 _aDPL
_bEng
082 _a342.54085
100 _951282
245 _aDefining human rights :
_cedited by Mukesh K. Arora [and] Priyatosh Sharma
_bperspective, challenges and opportunities /
260 _aChandigarh
_bUnistar Books
_c2011
270 _aS.C.O.26-27, Sector 34A
_bChandigarh
_e160022
300 _a240p.
_c23cm(Hb)
500 _aIncludes bibliographical references
700 _aArora, Mukesh K.
_951437
700 _aSharma, Priyatosh
_951438
942 _2ddc
_cEN
_mDEF
_h342.54085
999 _c69277
_d69277